Online
Catalog

La isla bajo el mar / (Record no. 56959)

MARC details
000 -CABECERA
campo de control de longitud fija 03130cam a2200289 i 4500
003 - IDENTIFICADOR DEL NÚMERO DE CONTROL
campo de control DO-SdBNP
005 - FECHA Y HORA DE LA ÚLTIMA TRANSACCIÓN
campo de control 20240725091329.0
007 - CAMPO FIJO DE DESCRIPCIÓN FÍSICA--INFORMACIÓN GENERAL
campo de control de longitud fija ta
008 - DATOS DE LONGITUD FIJA--INFORMACIÓN GENERAL
campo de control de longitud fija 240625s2009 sp b 000 f spa d
020 ## - NÚMERO INTERNACIONAL ESTÁNDAR DEL LIBRO
Número Internacional Estándar del Libro 9788490623701
040 ## - FUENTE DE LA CATALOGACIÓN
Centro catalogador/agencia de origen DO-SdBNP
Centro/agencia transcriptor spa
Centro/agencia modificador BNPHU
Normas de descripción rda
082 #4 - NÚMERO DE LA CLASIFICACIÓN DECIMAL DEWEY
Número de documento/Ítem A432
Número de edición 22
100 1# - ENTRADA PRINCIPAL--NOMBRE DE PERSONA
Nombre de persona Allende, Isabel,
Fechas asociadas al nombre 1942-
9 (RLIN) 24166
Término indicativo de función/relación autora
245 13 - MENCIÓN DE TÍTULO
Título La isla bajo el mar /
Mención de responsabilidad, etc. Isabel Allende
264 #3 - PRODUCCIÓN, PUBLICACIÓN, DISTRIBUCIÓN, FABRICACIÓN Y COPYRIGHT
Fecha de producción, publicación, distribución, fabricación o copyright Barcelona, España :
Producción, publicación, distribución, fabricación y copyright Penguin Random House,
Nombre del de productor, editor, distribuidor, fabricante 2009.
300 ## - DESCRIPCIÓN FÍSICA
Extensión 510 páginas :
Otras características físicas mapas ;
Dimensiones 19 cm.
336 ## - TIPO DE CONTENIDO
Fuente rdacontent
Término de tipo de contenido texto
Código de tipo de contenido txt
337 ## - TIPO DE MEDIO
Fuente rdamedia
Nombre/término del tipo de medio sin mediación
Código del tipo de medio n
338 ## - TIPO DE SOPORTE
Fuente rdacarrier
Nombre/término del tipo de soporte volumen
Código del tipo de soporte nc
490 1# - MENCIÓN DE SERIE
Mención de serie Debolsillo
500 ## - NOTA GENERAL
Nota general Incluye datos biografícos de la autora en la página 4.
500 ## - NOTA GENERAL
Nota general La biblioteca posee la cuarta reimpresión de abril de 2018.
520 ## - SUMARIO, ETC.
Sumario, etc. La azarosa historia de una esclava en el Santo Domingo del siglo XVIII que logrará librarse de los estigmas que la sociedad le ha impuesto para conseguir la libertad.<br/><br/>Para ser una esclava en el Saint-Domingue de finales del siglo XVIII, Zarité había tenido buena estrella: a los nueve años fue vendida a Toulouse Valmorain, un rico terrateniente, pero no conoció ni el agotamiento de las plantaciones de caña ni la asfixia y el sufrimiento de los trapiches, porque siempre fue una esclava doméstica. Su bondad natural, fortaleza de espíritu y honradez le permitieron compartir los secretos y la espiritualidad que ayudaban a sobrevivir a los suyos, los esclavos, y conocer las miserias de los amos, los blancos.<br/><br/>Zarité se convirtió en el centro de un microcosmos que era un reflejo del mundo de la colonia: el amo Valmorain, su frágil esposa española y su sensible hijo Maurice, el sabio Parmentier, el militar Relais y la cortesana mulata Violette, Tante Rose, la curandera, Gambo, el apuesto esclavo rebelde... y otros personajes de una cruel conflagración que acabaría arrasando su tierra y lanzándolos lejos de ella.<br/><br/>Al ser llevada por su amo a Nueva Orleans, Zarité inició una nueva etapa en la que alcanzaría su mayor aspiración: la libertad. Más allá del dolor y del amor, de la sumisión y la independencia, de sus deseos y los que le habían impuesto a lo largo de su vida, Zarité podía contemplarla con serenidad y concluir que había tenido buena estrella.<br/><br/>«En mis cuarenta años, yo, Zarité Sedella, he tenido mejor suerte que otras esclavas. Voy a vivir largamente y mi vejez será contenta porque mi estrella -mi z'etoile- brilla también cuando la noche está nublada. Conozco el gusto de estar con el hombre escogido por mi corazón cuando sus manos grandes me despiertan la piel. He tenido cuatro hijos y un nieto, y los que están vivos son libres. Mi primer recuerdo de felicidad, cuando era una mocosa huesuda y desgreñada, es moverme al son de los tambores y ésa es también mi más reciente felicidad, porque anoche estuve en la plaza del Congo bailando y bailando, sin pensamientos en la cabeza, y hoy mi cuerpo está caliente y cansado.»
590 ## - NOTA LOCAL (RLIN)
Nota local Inventariado, 2024/ YL
910 ## - DATOS DE OPCIÓN DEL USUARIO (OCLC)
Datos de opción del usuario YLockward
942 ## - ELEMENTOS DE PUNTO DE ACCESO ADICIONAL (KOHA)
Fuente del sistema de clasificación o colocación Dewey Decimal Classification
Tipo de ítem Koha Libro
Holdings
Estado de retiro Estado de pérdida Fuente del sistema de clasificación o colocación Restricciones de uso No para préstamo Código de colección Localización permanente Ubicación/localización actual Ubicación en estantería Fecha de adquisición Fuente de adquisición Total de préstamos Signatura topográfica completa Código de barras Fecha visto por última vez Precio válido a partir de Tipo de ítem Koha
    Dewey Decimal Classification Excluido de préstamo   Patrimonio Dominicano Biblioteca Nacional Pedro Henríquez Ureña Biblioteca Nacional Pedro Henríquez Ureña En catalogación 05.05.2019 Compra   BNPHU PD A432i 2024-3692 25.06.2024 25.06.2024 Libro

Powered by Koha